The road to life; (Record no. 125559)
[ view plain ]
| 000 -LEADER | |
|---|---|
| fixed length control field | 00898cam a22002891 4500 |
| 001 - CONTROL NUMBER | |
| control field | 7439704 |
| 003 - CONTROL NUMBER IDENTIFIER | |
| control field | ARRUPE |
| 005 - DATE AND TIME OF LATEST TRANSACTION | |
| control field | 20161024145630.0 |
| 008 - FIXED-LENGTH DATA ELEMENTS--GENERAL INFORMATION | |
| fixed length control field | 740628s1951 ru 000 0 eng |
| 010 ## - LIBRARY OF CONGRESS CONTROL NUMBER | |
| LC control number | 52030349 |
| 015 ## - NATIONAL BIBLIOGRAPHY NUMBER | |
| National bibliography number | GB52-3991 |
| 035 ## - SYSTEM CONTROL NUMBER | |
| System control number | (OCoLC)932114 |
| 040 ## - CATALOGING SOURCE | |
| Original cataloging agency | DLC |
| Transcribing agency | VtMiM |
| Modifying agency | Uk |
| -- | DLC |
| 041 1# - LANGUAGE CODE | |
| Language code of text/sound track or separate title | eng |
| Language code of original and/or intermediate translations of text | rus |
| 042 ## - AUTHENTICATION CODE | |
| Authentication code | premarc |
| 050 00 - LIBRARY OF CONGRESS CALL NUMBER | |
| Classification number | HV9177.P62T75 |
| 082 ## - DEWEY DECIMAL CLASSIFICATION NUMBER | |
| Classification number | 364.722 |
| 300 ## - PHYSICAL DESCRIPTION | |
| Other physical details | illus. port. |
| Dimensions | 17 cm. |
| 100 1# - MAIN ENTRY--PERSONAL NAME | |
| Personal name | Makarenko, Anton Semenovich, |
| Dates associated with a name | 1888-1939. |
| 9 (RLIN) | 26922 |
| 245 14 - TITLE STATEMENT | |
| Title | The road to life; |
| Remainder of title | an epic of education. |
| Statement of responsibility, etc | by Makarenko, Anton Semenovich, |
| 260 ## - PUBLICATION, DISTRIBUTION, ETC. (IMPRINT) | |
| Place of publication, distribution, etc | Moscow, |
| Name of publisher, distributor, etc | Progress Publishers, |
| Date of publication, distribution, etc | 1951. |
| 300 ## - PHYSICAL DESCRIPTION | |
| Extent | 453p.; |
| 440 #0 - SERIES STATEMENT/ADDED ENTRY--TITLE | |
| Title | Library of selected Soviet literature |
| 9 (RLIN) | 26923 |
| 500 ## - GENERAL NOTE | |
| General note | 2 vol. |
| 610 20 - SUBJECT ADDED ENTRY--CORPORATE NAME | |
| Corporate name or jurisdiction name as entry element | Tendovaia Koloniia︡ imeni M. Gurkogo, Poltava |
| 9 (RLIN) | 26924 |
| 906 ## - LOCAL DATA ELEMENT F, LDF (RLIN) | |
| a | 7 |
| b | cbc |
| c | oclcrpl |
| d | u |
| e | ncip |
| f | 19 |
| g | y-gencatlg |
| 942 ## - ADDED ENTRY ELEMENTS (KOHA) | |
| Source of classification or shelving scheme | Library of Congress Classification |
| Koha item type | Monograph ( Printed materials) |
| Withdrawn status | Lost status | Source of classification or shelving scheme | Damaged status | Not for loan | Collection code | Home library | Current library | Shelving location | Date acquired | Total Checkouts | Full call number | Barcode | Date last seen | Copy number | Price effective from | Koha item type |
|---|---|---|---|---|---|---|---|---|---|---|---|---|---|---|---|---|
| Library of Congress Classification | Main Collection | ARRUPE LIBRARY | ARRUPE LIBRARY | Main Collection | 24/10/2016 | HV9177.P62T75 | 46500009666 | 30/04/2018 | 1 | 24/10/2016 | Monograph ( Printed materials) | |||||
| Library of Congress Classification | Main Collection | ARRUPE LIBRARY | ARRUPE LIBRARY | Main Collection | 24/10/2016 | HV9177.P62T75 | 46500010758 | 30/04/2018 | 2 | 24/10/2016 | Monograph ( Printed materials) |